Przywódcy państw podczas II Wojny Światowej [zdjęcia] - Statystyki

Ogólne statystyki
  • Ten quiz został rozwiązany 99 razy
  • Średni wynik to 7 z 10
Statystyki odpowiedzi
Obrazkowy Odpowiedź % Poprawnych
Adolf Hitler
100%
Józef Stalin
98%
Winston Churchill
94%
Benito Mussolini
91%
Hirohito
73%
Franklin Roosevelt
71%
Ignacy Mościcki
63%
Francisco Franco
41%
Philippe Petain
22%
Dragisa Cvetkovic
0%
Nie znaleziono quizów pasujących do podanych kryteriów
Rozkład punktacji
Procent ludzi z każdym wynikiem
Percentyl według liczby udzielonych odpowiedzi
Twoja historia wyników
Nie rozwiązałeś tego quizu